00506 2200205 4500001002100000005001500021008004100036020002200077035001900099041000700118082000800125090001400133100002500147245003300172250001200205260003600217300002600253500001000279650001100289INLIS00000000000126220241224112322241224||||||||| | ||| |||| || |  a978-979-665-601-0 0010-1224001262 aid0 a408 a408 HEN p0 aHenry Guntur Tarigan00aPengajaran Kompetensi Bahasa aEd. Rev aBandungbPenerbit Angkasac2009 avi + 152 hlm.; 21 cm. aCet.1 0aBahasa